| 000 | 00590cam a22002291 4500 | ||
|---|---|---|---|
| 001 | sa 64008726 | ||
| 003 | DLC | ||
| 005 | 20260227112056.0 | ||
| 008 | 890706s1963 ii 000 0 kano | ||
| 010 | _asa 64008726 | ||
| 035 | _a(OCoLC)19974210 | ||
| 040 |
_aDLC _cWaU _dDLC |
||
| 042 | _apremarc | ||
| 050 | 0 | 0 |
_aPL4659.R346 _bS7 |
| 100 | 1 | _aRāmasvāmayyaṅgār, Āsūrṙ K. | |
| 245 | 1 | 0 | _aṠri Ṣrīnivāsa līlā vilāsaṃ. |
| 260 | _c[1963] | ||
| 300 |
_axiii, 122 p. _c22 cm. |
||
| 500 | _aIn Kannada. | ||
| 500 | _aA poem. | ||
| 650 | 0 |
_aVishnu (Hindu deity) _vPoetry. |
|
| 999 |
_c60998 _d60998 |
||